000 01651nam a2200229Ia 4500
999 _c45514
_d45514
001 12339
003 GE_BSU
005 20240705122742.0
008 181216s2013||||geo|||||||||||||| ||ge ||
020 _a9789941061547
040 _cGE_BSU
041 _ageo
080 _a75(479.223)+821.353.1-1 ჰ-42
245 _a ხასან ჰელიმიში = Hasan Helimishi :
_b[პოეზია, ფერწერა : კატალოგი] /
_cპროექტის [და ტექსტის] ავტორი გიორგი ჯანბერიძე ; აჭარის ა/რ განათლების, კულტურისა და სპორტის სამინისტრო.
264 _aბათუმი :
_bსეზანი,
_c2013.
300 _a80 გვ. :
_bილ. ;
_c26 სმ.
520 _aპროექტი განხორციელდა აჭარის ავტონომიური რესპუბლიკის განათლების,კულტურის და სპორტის სამინისტროს მხარდაჭერით.
653 _a აჭარელი მხატვრების ფერწერული ნამუშევრების ალბომები
700 _aჯანბერიძე, გიორგი
_eპროექტის და ტექსტის ავტორი
_922733
710 _aაჭარის ა/რ განათლების, კულტურისა და სპორტის სამინისტრო
_95043
942 _cBK
_2udc